Statistics for NBA Players with Weird Hairstyles

Click here to take the quiz!

General Stats

  • This quiz has been taken 22 times
  • The average score is 12 of 16

Answer Stats

Answer% Correct
Larry Bird
100%
LeBron James
94%
Russell Westbrook
94%
Dennis Rodman
89%
Derrick Rose
89%
Tim Duncan
89%
James Harden
83%
Jimmy Butler
83%
Kawhi Leonard
83%
Robin Lopez
83%
Dwight Howard
78%
Jason Kidd
78%
Ja Morant
72%
Dillon Brooks
61%
Allen Iverson
33%
Elfrid Payton
28%

Score Distribution

Percentile by Number Answered

Percent of People with Each Score

Your Score History

You have not taken this quiz